| 000 | 02142nam0a2200385 i 4500 | ||
|---|---|---|---|
| 001 | RU\NLR\BIBL_A\010007412 | ||
| 005 | 20240921203339.0 | ||
| 010 |
_a9785998403835 _91000 |
||
| 021 |
_aRU _b13-81921 |
||
| 035 | _a(NILC)RuMoRGB-006679440 | ||
| 035 | _a(NLR Aleph) 010007412 | ||
| 090 |
_a9833883 _c9833883 |
||
| 100 | _a20131125d2013 km y0rusy50 ca | ||
| 101 | 0 | _arus | |
| 102 | _aRU | ||
| 105 | _aa|||||||||||| | ||
| 200 | 1 |
_aСаморегуляция учебной деятельности _eмонография _fА. В. Зобков, А. С. Турчин _gМ-во образования и науки Российской Федерации, Федеральное гос. бюджетное образовательное учреждение высш. проф. образования "Владимирский гос. ун-т им. Александра Григорьевича и Николая Григорьевича Столетовых", Федеральное гос. бюджетное образовательное учреждение высш. проф. образования "Ивановский гос. ун-т" |
|
| 210 |
_aВладимир _aИваново _cИзд-во Владимирского государственного университета _d2013 |
||
| 215 |
_a250 с. _cил. _d20 |
||
| 320 | _aБиблиогр.: с. 201-209 (100 назв.) | ||
| 606 | 1 |
_aУчащиеся _xУчебный труд _xОрганизация _92611649 _3RU\NLR\AUTH\661548207 |
|
| 606 | 1 |
_aУчебная деятельность _xПсихологические исследования _91853452 _3RU\NLR\AUTH\661131348 |
|
| 610 | 0 | _aстаршие школьники | |
| 610 | 0 | _aстуденты | |
| 675 | _a37.015.3 | ||
| 686 | 1 | _aЧ312.67 | |
| 686 | 1 | _aЧ314.46 | |
| 686 | 1 | _aЮ984.030.2 | |
| 700 | 1 |
_aЗобков _bА. В. _gАлександр Валерьевич |
|
| 701 | 1 |
_aТурчин _bА. С. _gАнатолий Степанович |
|
| 801 | 0 |
_aRU _bRuMoRKP _c20131014 _gRCR |
|
| 801 | 2 |
_aRU _bРГБ _c20131025 _grcr |
|
| 942 | _cBOOK | ||
| 980 | _aNBR | ||